Регионална библиотека "Любен Каравелов" - Русе

История на България (Запис номер 484261)

MARC детайли
000 -Лидер
Контролно поле с фиксирана дължина 01351nam a2200325 a 4500
003 - Код на организацията, давaща контролен номер
Контролно поле BLK
005 - Дата и час на последна редакция
Контролно поле 20250118152423.0
008 - Елементи от данни с фиксирана дължина
fixed length control field 180411b bul|||||r ||||||| ||bul||
010 ## - Наследен системен номер
LC control number KNG00205175000
040 ## - Източник на каталожния запис
Идентификатор на билиотеката - собственик на записа BLK
041 ## - Код за език
Код за езика на текст/звукозапис или на отделно заглавие Български
Код за езика КДБФ Български
080 ## - УДК
Текстов определител УДК История в основното училище. Методика на обучението по история
УДК код - определител по УДК 373.3.016:93/94
УДК - код + определител 373.3.016:93/94
100 1# - Редна дума - Автор
Автор Шопов, Йордан Николов
Авторска отговорност първи автор
R(LIN) 371516
139 ## - Редно поле
Редна дума Шопов, Йордан Николов и др.
Авторски знак Шопо - Ш 85
245 10 - Сведения за заглавието
Заглавие История на България
Подзаглавни данни За VI кл. на у-щата за глухи деца
Редно поле (дума) Йордан Н. Шопов, Костадин А. Гугов
250 ## - Област на изданието
Сведения за изданието 2. изд.
257 ## - Страна на издаване
Страна на създаване/издаване България
260 ## - Област на издателските данни
Място на издаване, разпространение и проч. София
Име на издателя, разпространителя и проч. Нар. просв.
Година на издаване 1980
9 (RLIN) 216179
300 ## - Физическа характеристика
Страници 112 с.
Илюстрации и др. с ил.
Размери/Мащаб 25 см
380 ## - Жанр
Жанр Обществени науки
500 ## - Общи забележки
Забележка 1. изд. 1971<br/>383 тир.
650 #7 - Допълнително описание по предмет – тема
Основно описание – тема или топоним България - история - учебници за основни училища
Източник на редна или ключова дума
9 (RLIN) 149566
653 #0 - Ключова дума – ненормативна
Ключова дума глухи деца
9 (RLIN) 437783
700 ## - Други автори (авторска отговорност)
Лично име Гугов, Костадин Ангелов
Автороска отговорност (Описва отношението между автора и произведението) съавт.
9 (RLIN) 484387
852 ## - Местоположение
Форматна сигнатура Цб 103800
Фондова буква Хранилище
856 4# - Електронен адрес и достъп
Електронен формат pdf - файл
Инструкция (цена за достъп) 0.00
Права за достъп disable
856 4# - Електронен адрес и достъп
Електронен формат pdf - файл
Инструкция (цена за достъп) 0.00
Права за достъп disable
999 ## - СИСТЕМНИ КОНТРОЛНИ НОМЕРА
Koha biblionumber 484261
Koha biblioitemnumber 484261
942 ## - АРТИКУЛИ
Вид на библиотечния материал Книги
Скрит в OPAC Не
Периодичен библиозапис Да
944 ## - СЪЗДАВАНЕ И РЕДАКЦИЯ на ЗАПИСА
Създаване/Редакция Създаване
Дата на регистрацията/редакция 2022-12-06
Служител, извършил регистрацията/редакцията 30560
Статус, дата на статуса Геновева Генчева
Наличности
Код за отписване Код за изгубен артикул Източник на класификационната схема Код за повреда Коз за рестрикции Код за отдаване Артикулен № Име на библиотеката - собственик Име на библиотеката, в която се намира в момента Статус (Текущо местоположение) Дата на вписване в системата Местоположение - отдел Цена в лева Инвентарен номер Систематично азбучна сигнатура Баркод Цена в евро Служебен тип на артикула
  Не е изгубен Universal Decimal Classification Не е повреден само за читалня ползва се в читалня 917162 Регионална библиотека "Любен Каравелов" Русе Регионална библиотека "Любен Каравелов" Русе Хранилище 2022-12-08 Хранилище 0.49 305273 Цб 103800 120000305273 0.25 Книги
Vip Innovations Ltd, Rousse, Bulgaria 2025